| 000 | 00690nam a2200241Ia 4500 | ||
|---|---|---|---|
| 003 | OSt | ||
| 005 | 20250813151902.0 | ||
| 008 | 220923b |||||||| |||| 00| 0 eng d | ||
| 020 | _a1405114681 | ||
| 037 | _cGeneral Book | ||
| 040 |
_aRTL _cRTL _beng |
||
| 041 |
_2eng _aeng |
||
| 084 |
_aY9(W) P6 _qRTL |
||
| 100 |
_aSharma, Aradhana _9312516 |
||
| 245 | 0 |
_aAnthropology of the state: _b A reader |
|
| 260 |
_aVictoria _bBlackwell _c2006 |
||
| 300 |
_ax,410p _ccm. |
||
| 490 | _aBlackwell Readers in Anthropology | ||
| 500 | _aBibliography chapterwise | ||
| 700 |
_aGupta Akhil Ed. _930721 |
||
| 942 |
_hY9(W), P6 _cGB _2CC _n0 |
||
| 999 |
_c658263 _d658263 |
||